| 000 | 01202nam a2200241Ia 4500 | ||
|---|---|---|---|
| 999 |
_c39713 _d39713 |
||
| 001 | 6318 | ||
| 003 | GE_BSU | ||
| 005 | 20191002112550.0 | ||
| 008 | 181216s1961||||ge |||||||||||||| ||geo|| | ||
| 040 | _cGE_BSU | ||
| 041 | _ageo | ||
| 080 | _a821.353.1+821.353.1-32 ბ-27 | ||
| 100 |
_aბარნოვი, ვასილ _94407 |
||
| 245 |
_aთხზულებანი ტომი 2 1902-1911 : _bმოთხრობები, რომანები / _cვასილ ბარნოვი ; სარედ. კოლეგია : გიორგი ლეონიძე ; რედ. : სიმონ ყუბანეიშვილი, მიხეილ ჩიქოვანი. |
||
| 264 |
_aთბილისი : _bსაბჭ.მწერალი ; _c1961. |
||
| 300 |
_a562 გვ. : _bფოტო ; _c22 სმ. |
||
| 653 | _aთხზულებანი | ||
| 653 | _aმოთხრობები | ||
| 653 | _aრომანები | ||
| 700 |
_aყუბანეიშვილი, სიმონ _eრედაქტორი _94408 |
||
| 700 |
_aჩიქოვანი, მიხეილ _eრედაქტორი _91226 |
||
| 942 |
_cBK _2udc |
||